| 000 | 00483nam a22001697a 4500 | ||
|---|---|---|---|
| 003 | NUST-PNEC | ||
| 005 | 20170116180744.0 | ||
| 008 | 150114b xxu||||| |||| 00| 0 eng d | ||
| 040 | _cPNEC | ||
| 082 | _a153.9453 ASI | ||
| 100 |
_91210 _aAsif, Ghulam Abbas |
||
| 245 |
_a2001 Entry test MCQs multiple choice questions : Chemistry 2001 _cGhulam Abbas Asif |
||
| 260 |
_aLahore : _bPublishers Emporium, _cc2001. |
||
| 300 |
_a440 p. : _c22 cm. |
||
| 650 | _xGeneral | ||
| 942 |
_2ddc _cBK |
||
| 999 |
_c62294 _d62294 |
||